banner-ar

نهر النيل فى عصر ما بعد الاستعمار : (Record no. 65965)

MARC details
000 -الفاتح
حقل البيانات ثابتة الطول 01337nam a22003137a 4500
005 - وقت وتاريخ اخر تعامل مع التسجيلة
رقم الضبط 20240530110852.0
008 - عناصر البيانات ثابتة الطول - معلومات عامة
حقل البيانات ثابتة الطول 200912s2019 ua a f b 000 0dara d
017 ## - رقم الايداع القانونى
رقم الايداع القانونى 2015/9105
المصدر ( الهيئة المختصة) مصر. دار الكتب
020 ## - الرقم الدولى المعيارى للكتب
الرقم الدولى المعيارى للكتاب 9789779202532
040 ## - مصدر الفهرسة
وكالة الفهرسة الأصلية EG-CaGPL
وكالة النسخ EG-CaGPL
082 04 - رقم تصنيف ديوى العشرى
رقم الطبعة 21
رقم التصنيف 333.91\
رقم المادة ق/ت ن
100 1# - المدخل الرئيسى - إسم شخصى
الإسم الشخصى تفيدت ، تيرجى
245 10 - بيان العنوان
العنوان نهر النيل فى عصر ما بعد الاستعمار :
بقية العنوان الصراع والتعاون بين دول حوض النيل /
بيان المسئوليه,etc تحرير تيرجى تفيدت ؛ ترجمة نادر نورالدين محمد ؛ تقديم السيد فليفل
250 ## - بيان الطبعة
بيان الطبعة ط.1
260 ## - PUBLICATION, DISTRIBUTION, ETC. (IMPRINT)
تاريخ النشر أو التوزيع 2019
300 ## - الوصف المادى
التعداد 479 ص. ؛
أبعاد الوعاء 24 سم.
490 0# - بيان السلسلة
عنوان السلسلة المركز القومى للترجمة ؛
رقم المجلد/ التعيين التسلسلي 3133
504 ## - تبصرة ببليوجرافية
تبصرة ببليوجرافية,الخ يشتمل على ارجاعات ببليوجرافية
650 07 - المدخل الاضافى بالموضوع-مصطلح موضوعى
مصدر الرأس أو المصطلح qrmak
مصطلح موضوعي دول حوض النيل
650 07 - المدخل الاضافى بالموضوع-مصطلح موضوعى
مصطلح موضوعي مشكلة المياه
650 07 - المدخل الاضافى بالموضوع-مصطلح موضوعى
مصطلح موضوعي نهر النيل
مصدر الرأس أو المصطلح qrmak
650 07 - المدخل الاضافى بالموضوع-مصطلح موضوعى
مصطلح موضوعي المياه
التقسيم الفرعي العام قوانين وتشريعات
650 07 - المدخل الاضافى بالموضوع-مصطلح موضوعى
مصطلح موضوعي مصادر المياه
مصدر الرأس أو المصطلح qrmak
651 ## - المدخل الاضافى بالموضوع - اسم جغرافى
مصدر الرأس أو المصطلح qrmak
700 0# - المدخل الاضافى - اسم شخصى
الإسم الشخصى نادر نورالدين محمد
الدور مترجم
700 0# - المدخل الاضافى - اسم شخصى
الإسم الشخصى السيد فليفل
الدور مقدم
942 ## - عناصر المدخل الإضافي( كوها)
مصدر التصنيف او مخطط الترفيف Dewey Decimal Classification
Koha [default] item type كتاب
260 ## - PUBLICATION, DISTRIBUTION, ETC. (IMPRINT)
-- القاهرة :
-- المركز القومى للترجمة ،
Holdings
حالة التراجع حالة الفقد حالة تلف ليس للاعارة المكان المؤقت الموقع الحالى موقع الترفيف تاريخ الاكتساب اجمالي اﻻعارات رقم الطلب الباركود تاريخ اخر مشاهدة تاريخ تفعيل السعر نوع وعاء كوها
        مكتبة القاهرة الكبرى مكتبة القاهرة الكبرى   12/05/2020   333.91\ ق/ت ن 167094 10/05/2022 12/05/2020 كتاب

Powered By

EGPV